MARC details
| 000 -CABECERA |
| campo de control de longitud fija |
02063nam a2200289 a 4500 |
| 003 - IDENTIFICADOR DEL NÚMERO DE CONTROL |
| campo de control |
MX-MxUPN |
| 005 - FECHA Y HORA DE LA ÚLTIMA TRANSACCIÓN |
| campo de control |
20221017105523.0 |
| 008 - ELEMENTOS DE LONGITUD FIJA--INFORMACIÓN GENERAL |
| campo de control de longitud fija |
191122s2019 sp r 000 0 spa d |
| 020 ## - NÚMERO INTERNACIONAL NORMALIZADO PARA LIBROS |
| Número Internacional Estándar del Libro |
9788491713814 |
| 035 ## - NÚMERO DE CONTROL DEL SISTEMA |
| Número de control de sistema |
UPN01000234162 |
| 040 ## - FUENTE DE LA CATALOGACIÓN |
| Centro catalogador/agencia de origen |
MX-MxUPN |
| Lengua de catalogación |
spa |
| Centro/agencia transcriptor |
MX-MxUPN |
| 041 0# - CÓDIGO DE IDIOMA |
| Código de lengua del texto/banda sonora o título independiente |
spa |
| 050 #4 - SIGNATURA TOPOGRÁFICA DE LA BIBLIOTECA DEL CONGRESO |
| Número de clasificación |
HQ784 I5.8 |
| Número de documento/Ítem |
C6.6 |
| 245 00 - MENCIÓN DE TÍTULO |
| Título |
Competencia digital y preadolescencia : |
| Resto del título |
los desafíos de la e-inclusión / |
| Mención de responsabilidad, etc. |
coords. Adriana Gewerc y Esther Martínez-Piñeiro. |
| 260 ## - PUBLICACIÓN, DISTRIBUCIÓN, ETC. |
| Lugar de publicación, distribución, etc. |
Madrid : |
| Nombre del editor, distribuidor, etc. |
Síntesis, |
| Fecha de publicación, distribución, etc. |
2019. |
| 300 ## - DESCRIPCIÓN FÍSICA |
| Extensión |
154 páginas |
| 490 1# - MENCIÓN DE SERIE |
| Mención de serie |
Colección Síntesis. Psicología/Educación ;46 |
| 505 0# - NOTA DE CONTENIDO CON FORMATO PREESTABLECIDO |
| Título |
Competencia digital e inclusión social: cuando las condiciones socioculturales se imponen / |
| Mención de responsabilidad |
Adriana Gewerc y Fernando Fraga-Varela -- |
| Título |
Del búnker a YouTube: los escenarios de la competencia digital de Jaime / |
| Mención de responsabilidad |
Esther Vila-Couñago y Eulogio Pernas-Morado -- |
| Título |
Interpretando la competencia digital de Lucía y Catarina: entre acordes de familia y amistades / |
| Mención de responsabilidad |
Esther Martínez-Piñeiro y María-Helena Zapico-Barbeito -- |
| Título |
Bieito: ¿competente digital? Una responsabilidad de todos y de nadie / |
| Mención de responsabilidad |
Fernando Fraga-Varela y Ana Rodríguez-Groba -- |
| Título |
Norali: entre el terror a las tecnologías digitales en casa y su deseabilidad en el colegio / |
| Mención de responsabilidad |
Rosa Esteban, Ada Freitas, Moussa Boumadan, Carmen Andrés, Joaquín Paredes-Labra y Pablo Sánchez-Antolín -- |
| Título |
¿Jugamos al Clash Royale? Videojuegos y desarrollo de la competencia digital / |
| Mención de responsabilidad |
Adriana Gewerc y Almudena Alonso-Ferreiro -- |
| Título |
Competencia digital y new literacies de jóvenes preadolescentes: diversidad en la apropiación / |
| Mención de responsabilidad |
Boris Vazquez-Calvo y Uxía Fernández-Regueira |
| 650 #4 - ASIENTO SECUNDARIO DE MATERIA - TERMINO TEMATICO |
| Término de materia o nombre geográfico como elemento de entrada |
Internet y niños |
| Subdivisión general |
Aspectos sociales |
| 9 (RLIN) |
45646 |
| 650 #4 - ASIENTO SECUNDARIO DE MATERIA - TERMINO TEMATICO |
| Término de materia o nombre geográfico como elemento de entrada |
Computadoras y niños |
| Subdivisión general |
Aspectos sociales |
| 9 (RLIN) |
45647 |
| 650 #4 - ASIENTO SECUNDARIO DE MATERIA - TERMINO TEMATICO |
| Término de materia o nombre geográfico como elemento de entrada |
Tecnología y niños |
| Subdivisión general |
Aspectos sociales |
| 9 (RLIN) |
45648 |
| 650 #4 - ASIENTO SECUNDARIO DE MATERIA - TERMINO TEMATICO |
| Término de materia o nombre geográfico como elemento de entrada |
Alfabetización digital |
| Subdivisión general |
Aspectos sociales |
| 9 (RLIN) |
45649 |
| 700 1# - ASIENTO SECUNDARIO--NOMBRE DE PERSONAL |
| Nombre de persona |
Gewerc Barujel, Adriana |
| 9 (RLIN) |
43539 |
| Término indicativo de función/relación |
coord. |
| 830 #0 - ASIENTO SECUNDARIO DE SERIE--TITULO UNIFORME |
| Título uniforme |
Colección Síntesis. |
| Nombre de parte o sección de la obra |
Psicología/Educación |
| Designación de volumen o secuencia |
46 |
| 905 ## - TIPO DE MATERIAL |
| Tipo de material |
Libro |